MDQL
is popping MORE tags! Check the
thread
!
Quizzes
Events
Quiz Creation
Community
Videos
Private Events
Remove Ads
Sign In
Join for FREE
Feedback
Dark Mode
Quiz Categories
Sports
Geography
Music
Movies
Television
Just For Fun
Miscellaneous
History
Literature
Language
Science
Gaming
Entertainment
Religion
Holiday
For Kids
Quiz Lab
Recent
Popular Today
Quiz Kudos Today
Editor Picks
Curator Picks
Quizzes by...
Day
Popularity
Type
Ratings
Length
Year
Community
Subscriptions
Recent Discussions
Orange Saloon
Badges
Playlists
Quests
Create
Leaderboards
Showdown
Live 5
Trivia Bingo
Activity
Puzzle Library
Sporcle Events
Private Events
Virtual Trivia
Globe League
Become a Host
Pub Owners
SporcleCon
Opinionation
Our Games
Videos
Blog
Mobile Apps
Partnerships
Remove Ads and Go Orange
Feedback
Sports
Athletes
MLB
NBA
NHL
NFL
Soccer
Sports Teams
WWE
NCAA
Football
Premier League
Basketball
Baseball
Hockey
Golf
Tennis
Cricket
Rugby
Auto Racing
Olympics
World Cup
Sports
Athletes
MLB
NBA
NHL
NFL
Soccer
Sports Teams
WWE
NCAA
Football
Premier League
Basketball
Baseball
Hockey
Golf
Tennis
Cricket
Rugby
Auto Racing
Olympics
World Cup
Random Quiz
Search Sporcle
×
Quiz Lab
Quiz Lab
Sports
Bowling
Type in answers that appear in a list
Type in answers that appear in a list
Classic
Best Score? Go Orange.
MoRich Bowling Balls Stats
Can you name the Morich Bowling Balls?
By
MoRichBowler300
10m
36 Questions
72 Plays
72 Plays
72 Plays
Comments
Comments
Give Quiz Kudos
Give Quiz Kudos
-
- Ratings
hide this ad
Replay
Link that replays current quiz
Next Quiz
Link to next quiz in quiz playlist
You Got
0%
They Got
Avg Score
51%
Avg Friend Score
Upgrade to see
Score Distribution
Jump to the score distribution portion of the page
Score
0/36
Timer
10:00
0
Plays Today
Year Released
Bowling Ball Name
% Correct
August 2007
LevRG
75%
November 2011
HookR
71.1%
June 2010
RipR
69.4%
November 2010
Perpetual Motion
66.7%
February 2011
DestroyR
66.7%
February 2012
Loco Motion
65.9%
July 2008
Mojave
65.3%
July 2006
Awesome Hook
61.1%
November 2007
Nsane LevRG
61.1%
November 2009
Craze
61.1%
February 2010
Mania
59.7%
August 2001
Colossus
58.3%
November 2004
Weapon of Mass Bias
58.3%
November 2006
Awesome Revs
58.3%
July 2011
Aggressive Motion
57.8%
July 2009
Frenzy
56.9%
March 2006
Awesome Flip
55.6%
March 2008
Solid LevRG
54.2%
Year Released
Bowling Ball Name
% Correct
July 2000
Labyrinth
51.4%
March 2007
Awesome Finish
51.4%
July 2008
Ntense LevRG
51.4%
February 2001
Minotaur
50%
March 2005
Shock and Awe
50%
June 2005
Sahara
50%
January 2002
Colossus Pearl
47.2%
August 2002
Pioneer
45.8%
December 2002
Hercules
44.4%
July 2005
Total Shock and Awe
44.4%
May 2004
Ravage
41.7%
March 2009
Polyester
40.3%
December 2005
Seek and Destroy
38.9%
November 2008
LevRG Response
38.9%
Septemeber 2003
Onslaught
37.5%
August 2002
Colossus Supreme
36.1%
August 2004
Total Annihilation
34.7%
December 2003
Mayhem
33.3%
Quiz Playlist
Details
Report
Send in Message
Add To Playlist
Classic:
Type in answers that appear in a list
Last Updated: Feb 16, 2017
Quiz Scoreboard
CHALLENGE
Sign Up to Join the Scoreboard
Show All
Scores
Hide
Comments
May contain spoilers
Recently Published
Find the 'City' Movie
by crazypaving
Movies
60s
5x2 Blitz: Bands
by SL_Kpop136
Music
30s
Colored Red Africa Blitz
by spor1
Geography
30s
More to Explore
Quiz From the Vault
Featured Blog Post
14 Easter Pick-up Lines to Find Eggs With
hide this ad
You Might Also Like...
Tags
ball
Bowling
Released
Today's Top Quizzes in Sports
Browse Sports
hide this ad
Today's Top Quizzes in Bowling
Browse Bowling
Top Contributed Quizzes in Sports
1
Players with Multiple 50 Home Run Seasons
2
Who Needs Fielders?
3
Criteria MLB: Left Handed Sluggers
4
MLB Players with Two .350 Batting Average Seasons
5
Who Hit More Homers?
6
2020 F1 Drivers Logic Puzzle
7
NBA Teammate Connections
8
Premier League Clubs since 2000 (minefield)
9
MLB Teams by First Game
10
Top 10 NHL Goal Scorers of All Time
Explore More
Trending Topics
Harry Potter
Anime
NBA
Kpop
Disney
Crossword
Marvel
NFL
Song
Pokémon
The Office
Soccer
Puzzle
WWE
Country
hide this ad
More By:
MoRichBowler300
Quiz
Plays
Rating
Category
Featured
Created
Bowling Word Ladder
137
5.00
Sports
May 17, 2011
MoRich Bowling Balls
72
5.00
Sports
Apr 26, 2011
Word Ladder
67
3.00
Language
May 9, 2011
Artists by Elemental Symbol
56
3.00
Science
Mar 10, 2011
Go to Creator's Profile
Score Distribution
Quiz Creator Spotlight
MoRichBowler300
Follow
Send a Message
Quizzes Created
-
Created Quiz Play Count
-
More By This Creator
Popular Quizzes Today
1
Find the 'City' Movie
2
5x2 Blitz: Bands
3
Colored Red Africa Blitz
4
Find the US States - No Outlines Minefield
5
The Countries of the World
6
Find the US States
7
9x9 Crossword: Cartoon Network
8
US States
More Sports Quizzes
Name The 2021 Blue Jays
Quiz Lab
Trending Quizzes
Colored Red Africa Blitz II
Colored Red Europe Blitz I
Colored Red Africa Blitz III
Colored Red Europe Blitz II
Colored Red Europe Blitz III
Recently Updated
Champions League XIs: Real Madrid
pecheneg
Largest US Cities 1790-2010
pecheneg
Rides in Walt Disney World
pecheneg
Most Oscar Losses (Acting)
pecheneg
Beyoncé Albums
pecheneg
Leaping Animals
pecheneg
Reality TV Shows (A-Z)
bhenderson79
Rickey Henderson's Hall of Fame Teammates
pecheneg
Champions League XIs: Arsenal
pecheneg
Quick Pick: Celebrities in WWE's Hall of Fame
aduchscher
Trending Topics
Crossword
NBA
Harry Potter
Marvel
Anime
Disney
Kpop
Country
Puzzle
NFL
The Office
Soccer
Song
WWE
Pokémon
Your Account Isn't Verified!
In order to create a playlist on Sporcle, you need to verify the email address you used during registration. Go to your
Sporcle Settings
to finish the process.
Report this User
Report this user for behavior that violates our
Community Guidelines
.
Details:
Send Report
Go to the Sporcle.com Mobile Site →
Comments